000 00709nam a2200217Ia 4500
005 20241129110123.0
008 241129s9999||||xx |||||||||||||| ||und||
020 _a978-81-7233-882-4
037 _aTB
040 _aARTS
_beng
_cARTS
041 _aeng
_2eng
084 _a2:8(D65,8(B)) Q4(2D)
_qARTS
100 _aPatil Yalagouda M. Au.
_9727284
245 0 _aConsortium approach to resource sharing in an e- environment
_cPatil Yalagouda M. Au.
260 _aJodhpur, India
_bJodhpur Scientific Publishers
_c2022
300 _axxiv,333p.
365 _aINR
_b1250
650 _aLibrary ScienceComputer Application
_9727285
942 _cTB
_h2:8(D65,8(B)) Q4(2D)
999 _c1227380
_d1227380